Breve historia de la biología. (Registro nro. 18020)

Detalles MARC
000 -CABECERA
Campo de control 00545nam a22001937a 4500
005 - FECHA Y HORA DE LA ULTIMA TRANSACCION
Campo de control 20160122163822.0
008 - ELEMENTOS DE LONGITUD FIJA—INFORMACION GENERAL
Campo de control 160122b1951 ag ||||| |||| 00| 0 spa d
040 ## - FUENTE DE CATALOGACIÓN
Agencia catalogadora original CO-BoIAVH
Agencia transcriptora CO-BoIAVH
041 ## - IDIOMA
Código de idioma para texto/pista de sonido o título separado Español
044 ## - PAÍS DE PUBLICACIÓN
País de publicación Argentina
082 14 - NUMERO DE CLASIFICACION DECIMAL DEWEY
Número de clasificación 570.1
Número del ítem M63b
100 1# - ASIENTO PRINCIPAL--NOMBRE PERSONAL
Nombre personal Mieli, Aldo
9 (RLIN) 53922
245 10 - MENCION DE TITULO
Título Breve historia de la biología.
260 ## - PUBLICACION, DISTRIBUCION, ETC. (PIE DE IMPRENTA)
Lugar de publicación, distribución, etc. Buenos Aires:
Nombre del editor, distribuidor, etc. Espasa-Calpe Argentina,
Fecha de publicación, distribución, etc. 1951.
300 ## - DESCRIPCION FISICA
Extensión 165 páginas,
Dimensiones 18 centímetros.
490 ## - MENCION DE SERIE
Mención de serie Colección Austral
650 14 - ASIENTO SECUNDARIO DE MATERIA - TERMINO TEMATICO
Término temático o nombre geográfico como elemento de entrada Biología
Subdivisión general filosofía
9 (RLIN) 53923
942 ## - ELEMENTOS ADICIONALES (KOHA)
Sistema de clasificación Dewey Decimal Classification
Tipo de ítem Libro
Existencias
Withdrawn status Lost status Sistema de Clasificación Damaged status No para préstamo Colección Inventariado Ubicación Permanente Ubicación actual Fecha de adquisición Fuente de Valor Total Checkouts Número topográfico Inventario / Código de Barras Date last seen Ejemplar Price effective from Forma de adquisición Tipo de material
    Dewey Decimal Classification     General Inventariado 2017 Bogotá Bogotá 22/01/2016 Amazon   LB-570.1 M63b 042182 22/01/2016 Ej. 1 22/01/2016   Libro